Las redes de intercambio social una opción frente al impacto desmovilizado /

محفوظ في:
التفاصيل البيبلوغرافية
المؤلف الرئيسي: Romero Saint Bornet, María Cristina
التنسيق: غير معروف
الموضوعات:
الوسوم: إضافة وسم
لا توجد وسوم, كن أول من يضع وسما على هذه التسجيلة!

MARC

LEADER 000000000a22000000004500
001 005541
100 1 |a Romero Saint Bornet, María Cristina 
245 1 4 |a Las redes de intercambio social una opción frente al impacto desmovilizado /   |c María Cristina Romero Saint Bornet. 
310 |a Trimestral 
650 4 |a MOVIMIENTOS SOCIALES 
650 4 |a SALUD PÚBLICA 
773 0 |d San José, Costa Rica : Editorial de la Universidad de Costa Rica  |t Revista de Ciencias Sociales  |g números 78-79 (1997-1998), páginas 51-60 
942 |c ARC 
999 |c 12331  |d 12331